The Beatles:Magical Mystery Tour - Statistics

General Stats
  • This quiz has been taken 209 times
  • The average score is 9 of 11
Answer Stats
Hint Answer % Correct
1 Magical Mystery Tour
96%
6 I Am The Walrus
87%
3 Flying
85%
8 Strawberry Fields Forever
85%
9 Penny Lane
82%
4 Blue Jay Way
81%
2 The Fool On The Hill
77%
11 All You Need Is Love
76%
5 Your Mother Should Know
76%
7 Hello Goodbye
69%
10 Baby you’re a Rich Man
65%
No matching quizzes found
Score Distribution
Percent of People with Each Score
Percentile by Number Answered
Your Score History
You have not taken this quiz